<?xml version="1.0" encoding="UTF-8"?>
<record
    xmlns:xsi="http://www.w3.org/2001/XMLSchema-instance"
    xsi:schemaLocation="http://www.loc.gov/MARC21/slim http://www.loc.gov/standards/marcxml/schema/MARC21slim.xsd"
    xmlns="http://www.loc.gov/MARC21/slim">

  <leader>00809cam a2200241 a 4500</leader>
  <controlfield tag="001">k  63000333 </controlfield>
  <controlfield tag="003">DLC</controlfield>
  <controlfield tag="005">20260227111524.0</controlfield>
  <controlfield tag="008">000222s1959    ko            000 1 kor c</controlfield>
  <datafield tag="010" ind1=" " ind2=" ">
    <subfield code="a">k  63000333 </subfield>
  </datafield>
  <datafield tag="035" ind1=" " ind2=" ">
    <subfield code="a">(CStRLIN)DCLP00-B2326</subfield>
  </datafield>
  <datafield tag="040" ind1=" " ind2=" ">
    <subfield code="a">Harvard Univ. Chinese-Japanese Library</subfield>
    <subfield code="c">YNH</subfield>
    <subfield code="d">DLC-R</subfield>
    <subfield code="d">DLC</subfield>
  </datafield>
  <datafield tag="050" ind1="0" ind2="0">
    <subfield code="a">PL992.415.Y673</subfield>
    <subfield code="b">T86 1959</subfield>
  </datafield>
  <datafield tag="066" ind1=" " ind2=" ">
    <subfield code="c">$1</subfield>
  </datafield>
  <datafield tag="100" ind1="1" ind2=" ">
    <subfield code="6">880-01</subfield>
    <subfield code="a">Kim, Yong-un,</subfield>
    <subfield code="d">1940-</subfield>
  </datafield>
  <datafield tag="245" ind1="1" ind2="0">
    <subfield code="6">880-02</subfield>
    <subfield code="a">Tuman&#x2BC;gang /</subfield>
    <subfield code="c">Kim Yong-un ch&#x14F;.</subfield>
  </datafield>
  <datafield tag="260" ind1=" " ind2=" ">
    <subfield code="6">880-03</subfield>
    <subfield code="a">[Seoul] :</subfield>
    <subfield code="b">Sinh&#x16D;ng Ch&#x2BB;ulp&#x2BB;ansa,</subfield>
    <subfield code="c">Tan&#x2BC;gi 4292 [1959]</subfield>
  </datafield>
  <datafield tag="300" ind1=" " ind2=" ">
    <subfield code="a">134 p. ;</subfield>
    <subfield code="c">19 cm.</subfield>
  </datafield>
  <datafield tag="500" ind1=" " ind2=" ">
    <subfield code="a">Short stories.</subfield>
  </datafield>
  <datafield tag="880" ind1="1" ind2=" ">
    <subfield code="6">100-01/$1</subfield>
    <subfield code="a">&#x91D1;&#x3000;&#x9F8D;&#x96F2;,</subfield>
    <subfield code="d">1940-</subfield>
  </datafield>
  <datafield tag="880" ind1="1" ind2="0">
    <subfield code="6">245-02/$1</subfield>
    <subfield code="a">&#x8C46;&#x6EFF;&#x6C5F; /</subfield>
    <subfield code="c">&#x91D1;&#x3000;&#x9F8D;&#x96F2;&#x3000;&#x8457;.</subfield>
  </datafield>
  <datafield tag="880" ind1=" " ind2=" ">
    <subfield code="6">260-03/$1</subfield>
    <subfield code="a">[Seoul] :</subfield>
    <subfield code="b">&#x65B0;&#x8208;&#x3000;&#x51FA;&#x7248;&#x793E;,</subfield>
    <subfield code="c">&#x6A80;&#x7D00; 4292 [1959]</subfield>
  </datafield>
  <datafield tag="999" ind1=" " ind2=" ">
    <subfield code="c">35335</subfield>
    <subfield code="d">35335</subfield>
  </datafield>
</record>
